Немецкий язык для бакалавров: учебник

গ্রন্থ-পঞ্জীর বিবরন
প্রধান লেখক: Кравченко А. П. Александр Петрович
সংক্ষিপ্ত:Настоящее учебное пособие предназначено для студентов неязыковых вузов, осуществляющих подготовку специалистов со степенью бакалавра, а также лиц, владеющих основами немецкого языка и нуждающихся в усовершенствовании языковых знаний и развитии речевых навыков. В приложениях к пособию содержатся дополнительные материалы познавательно-творческого характера. Учебное пособие снабжено грамматическим справочником и немецко-русским словарем.
ভাষা:রুশ
জার্মান
প্রকাশিত: Ростов-на-Дону, Феникс, 2013
মালা:Высшее образование
বিষয়গুলি:
বিন্যাস: গ্রন্থ
KOHA link:https://koha.lib.tpu.ru/cgi-bin/koha/opac-detail.pl?biblionumber=240763

MARC

LEADER 00000nam0a2200000 4500
001 240763
005 20231101231750.0
010 |a 9785222208083 
035 |a (RuTPU)RU\TPU\book\262022 
090 |a 240763 
100 |a 20130625d2013 m y0gery50 ca 
101 0 |a rus  |a ger 
102 |a RU 
105 |a a j 001zy 
200 1 |a Немецкий язык для бакалавров  |e учебник  |f А. П. Кравченко 
210 |a Ростов-на-Дону  |c Феникс  |d 2013 
215 |a 413 с. 
225 1 |a Высшее образование 
320 |a Грамматический справочник: с. 295-390. 
320 |a Алфавитный список сильных и неправильных глаголов: с. 391-394. 
320 |a Немецко-русский словарь: с. 395-410. 
330 |a Настоящее учебное пособие предназначено для студентов неязыковых вузов, осуществляющих подготовку специалистов со степенью бакалавра, а также лиц, владеющих основами немецкого языка и нуждающихся в усовершенствовании языковых знаний и развитии речевых навыков. В приложениях к пособию содержатся дополнительные материалы познавательно-творческого характера. Учебное пособие снабжено грамматическим справочником и немецко-русским словарем. 
606 1 |a Немецкий язык  |x Учебные руководства и пособия для вузов  |2 stltpush  |3 (RuTPU)RU\TPU\subj\45394  |9 64636 
610 1 |a лексика 
610 1 |a грамматика 
610 1 |a деловое общение 
610 1 |a фонетика 
610 1 |a разговорная речь 
610 1 |a письменная речь 
610 1 |a упражнения 
610 1 |a учебные пособия 
686 |a Ш143.24-923  |v LBC/SL-A  |2 rubbk 
700 1 |a Кравченко  |b А. П.  |g Александр Петрович 
801 1 |a RU  |b 63413507  |c 20130625 
801 2 |a RU  |b 63413507  |c 20161201  |g RCR 
942 |c BK 
959 |a 104/20130625  |d 1  |e 330,40  |f ЧЗИЛ:1 
959 |a 141/20131029  |d 5  |e 365,80  |f АНЛ:1  |f УФ:4